000 00328nam a22001457a 4500
020 _a9780140107814
041 _aENG
100 _aChandra B
245 _aIndia's Struggle For Indepence
260 _aNew Delhi
_bPenguin Book
_c1989
300 _a600
650 _aUPSE
700 _aMukherjee.M
856 _uCompetitive Exam
999 _c202
_d202